000 00920nam a2200241 i 4500
001 185056
003 SpMaBN
005 20250809233111.0
008 160314s1990 sp cfo |||| |bspa d
020 _a84-320-6643-5
080 _a821.134.2-94"19"
080 _a929 Vallejo-Nágera, Juan Antonio
100 1 _aVallejo-Nágera, Juan Antonio,
_d1926-1990
_9112855
245 1 3 _aLa puerta de la esperanza /
_cJuan Antonio Vallejo-Nágera, José Luis Olaizola.
246 3 4 _iSubt. de cub.
_aLibro-testimonio escrito en los últimos dos meses de su vida
250 _a7ª ed.
260 _a[Madrid] :
_bRialp ;
_a[Barcelona] :
_bPlaneta,
_c1990.
300 _a255 p., [16] p. de lám. ;
_c21 cm.
600 1 4 _aVallejo-Nágera, Juan Antonio,
_d1926-1990
_9112855
700 1 _aOlaizola, José Luis,
_d1927-
_9159058
852 _aES-MaACL
_jL-30257
_z. - Donat. Miguel A. Velasco
999 _c185056
_d185056